000 01452nam2a2200253 4500
001 RU\NLR\BIBL_A\011718786
005 20260405171059.0
035 _a(NLR Aleph) 011718786
090 _a11471361
_c11471361
100 _a20180604d1848 |||y0rusy50 ca
101 0 _arus
102 _aRU
105 _ay z 000zy
200 0 _a... исправленное по 16-е февраля 1848 года
210 _d[1848]
_aБ. м.
215 _a[2], 24, [5] с.
300 _aВ конце текста рукоп. подпись: Обер Квартирмейстер Полковник Барон Сильвергельм
461 0 _1001RU\NLR\BIBL_A\011718675
_12001#$aРасписание Отдельного Сибирского Корпуса ...$v... исправленное по 16-е февраля 1848 года
_911470715
_aСибирский отдельный корпус
_c[Омск]
_d[1848] -
_nПечатано в типографии Штаба Отдельного Сибирского Корпуса
_tРасписание Отдельного Сибирского Корпуса ...
_v... исправленное по 16-е февраля 1848 года
702 1 _4720
_7ca
_8rus
_aСильвергельм
_bГ. К.
_f1799-1864
_gГустав Карлович
_955701
_3RU\NLR\AUTH\7772773
852 _aNLR
_b18.23.5.205
942 _cBOOK
980 _aNB